[Event "2016 WA Open Chess Championship"]
[Site "Nth Woodvale PS"]
[Date "2016.07.16"]
[Round "4"]
[White "Tristan Boyd"]
[Black "Yita Choong"]
[WhiteElo "2400"]
[BlackElo "2331"]
[Result "0-1"]

1. d4 Nf6 2. c4 g6 3. Nc3 Bg7 4. e4 d6 5. h3 O-O 6. Be3 e5 7. d5 Na6 8. Nf3
Nc5 9. Qc2 a5 10. Be2 Ne8 11. g4 f5 12. gxf5 gxf5 13. O-O-O Nxe4 14. Nxe4 fxe4
15. Ng5 Nf6 16. Rdg1 Kh8 17. Bg4 c6 18. Bxc8 Qxc8 19. Ne6 Rf7 20. Rxg7 Rxg7
21. Nxg7 Kxg7 22. Rg1 Kf7 23. Bh6 cxd5 24. Rg7 Ke6 25. cxd5 Nxd5 26. Rxh7 a4
27. a3 b5 28. Rg7 Kf6 29. Rg4 Qxc2 30. Kxc2 Rc8 31. Kd2 Nb6 32. h4 Nc4 33. Ke2
Rc7 34. Rxe4 Nxb2 35. f4 Rc2 36. Kf1 Kf5 37. Rb4 Nd3 38. Rxb5 Nxf4 39. Bf8 Rd2
40. Ra5 Ke4 41. Rxa4 Kf3 42. Ke1 Rd5 43. Ra6 Ng2 0-1

[Event "2016 WA Open Chess Championship"]
[Site "Nth Woodvale PS"]
[Date "2016.07.16"]
[Round "4"]
[White "Gordon Dunlop"]
[Black "Craig Kinsman"]
[WhiteElo "1841"]
[BlackElo "1978"]
[Result "1/2-1/2"]

1. d4 Nf6 2. c4 c5 3. Nf3 cxd4 4. Nxd4 e6 5. Nc3 Nc6 6. e3 d5 7. cxd5 exd5 8. Bb5
Bd7 9. O-O Bd6 10. h3 O-O 11. e4 dxe4 12. Bg5 Be5 13. Nxc6 Bxc6 14. Bxc6 bxc6
15. Bxf6 Bxf6 16. Nxe4 Bxb2 17. Rb1 Bd4 18. Qc2 Qd5 19. Rfd1 Rfe8 20. Ng3 c5
21. Nf5 g6 22. Nxd4 cxd4 23. Rb4 Rad8 24. Qd2 d3 25. Rb3 Re2 26. Qxd3 Qxd3 27. Rbxd3
Rxd3 28. Rxd3 Rxa2 29. g3 Kg7 30. Rd7 h6 31. Kg2 g5 32. Rc7 Kg6 33. Rc6 f6 34. Rd6
h5 35. Rd5 a5 36. Rb5 a4 37. Ra5 a3 38. g4 h4 39. Ra6 Ra1 40. Ra7 Ra2 41. Ra5
Kf7 42. Ra6 Ke7 43. Ra5 Ra1 44. Ra6 a2 45. Ra7 Kd6 46. Ra6 Kc5 47. Ra8 Kd4 48. Rd8
Ke5 49. Ra8 1/2-1/2

[Event "2016 WA Open Chess Championship"]
[Site "Nth Woodvale PS"]
[Date "2016.07.16"]
[Round "4"]
[White "Igor Butsenko"]
[Black "Patrick Gong"]
[WhiteElo "2238"]
[BlackElo "2183"]
[Result "1-0"]

1. d4 Nf6 2. c4 c5 3. d5 e6 4. Nc3 exd5 5. cxd5 d6 6. e4 g6 7. f3 Bg7 8. Bg5
O-O 9. Qd2 a6 10. a4 Qc7 11. Rc1 Nbd7 12. Nh3 Nh5 13. Be2 Ne5 14. Nf2 f6 15. Be3
f5 16. f4 Ng4 17. Nxg4 fxg4 18. O-O Qe7 19. e5 dxe5 20. d6 Qh4 21. fxe5 Rxf1
22. Rxf1 g3 23. Qd5 Kh8 24. h3 Bf5 25. Bxh5 Qxh5 26. e6 Bxc3 27. bxc3 Qe2 28. Qe5
Kg8 29. e7 Kf7 30. d7 1-0

[Event "2016 WA Open Chess Championship"]
[Site "Nth Woodvale PS"]
[Date "2016.07.16"]
[Round "4"]
[White "Ramudu Rathnayake"]
[Black "Alex Janceski"]
[WhiteElo "1267"]
[BlackElo "1779"]
[Result "0-1"]

1. e4 c6 2. d4 d5 3. exd5 cxd5 4. Bd3 Nc6 5. c3 g6 6. Nf3 Bg4 7. Bf4 Bg7 8. Nbd2
e6 9. O-O Nge7 10. Re1 O-O 11. Qc2 Rc8 12. a3 Bf5 13. Bxf5 Nxf5 14. Ne5 Ncxd4
15. Qa4 b5 16. Qd1 Nc6 17. Ndf3 Nfe7 18. Qd2 f6 19. Ng4 e5 20. Bh6 Nf5 21. Bxg7
Kxg7 22. Nh4 Nce7 23. Nxf5 Nxf5 24. Qe2 Qb6 25. Ne3 Nxe3 26. Qxe3 Qxe3 27. Rxe3
Rc7 28. Rd1 Rd8 29. Red3 Rcd7 30. b3 Kf7 31. Kf1 Ke6 32. Ke2 f5 33. f3 g5 34. g3
h5 35. f4 e4 36. Rd4 g4 37. Rb4 a6 38. a4 Rb8 39. axb5 a5 40. Ra4 Rxb5 41. b4
axb4 42. cxb4 Rc7 43. Rb1 d4 0-1

[Event "2016 WA Open Chess Championship"]
[Site "Nth Woodvale PS"]
[Date "2016.07.16"]
[Round "4"]
[White "Tim Hare"]
[Black "Fred Maris"]
[WhiteElo "2043"]
[BlackElo "1521"]
[Result "1-0"]

1. Nf3 Nf6 2. b3 d5 3. Bb2 e6 4. g3 Bc5 5. d4 Bb6 6. Bg2 O-O 7. O-O Re8 8. Nbd2
a6 9. Ne5 Nc6 10. e3 Nd7 11. Nxc6 bxc6 12. c4 e5 13. cxd5 cxd5 14. Bxd5 Rb8
15. Bg2 exd4 16. exd4 c5 17. d5 Nf6 18. Nc4 Ba7 19. Re1 Bb7 20. Rxe8 Nxe8 21. Qh5
Nf6 22. Qe5 Qf8 23. Rd1 Re8 24. Qc7 Re7 25. Qf4 Bb8 26. d6 Bxg2 27. dxe7 Qe8 1-0

[Event "2016 WA Open Chess Championship"]
[Site "Nth Woodvale PS"]
[Date "2016.07.16"]
[Round "4"]
[White "Rob Maris"]
[Black "David Ellis"]
[WhiteElo "2027"]
[BlackElo "2029"]
[Result "1/2-1/2"]

1. d4 e6 2. Nf3 d5 3. e3 f5 4. b3 c6 5. Bb2 Nf6 6. Nbd2 Bd6 7. Bd3 O-O 8. Qe2
Nbd7 9. Ne5 Ne4 10. O-O-O Qa5 11. Bxe4 fxe4 12. Nxd7 Bxd7 13. Kb1 Bb4 14. Rhf1
Be8 15. h3 Bg6 16. f3 Rab8 17. Bc1 exf3 18. Nxf3 Rf6 19. Ne5 Rbf8 20. Nxg6 Rxg6
21. Rxf8 Bxf8 22. Rf1 Qd8 1/2-1/2

[Event "2016 WA Open Chess Championship"]
[Site "Nth Woodvale PS"]
[Date "2016.07.16"]
[Round "4"]
[White "Steven Hintz"]
[Black "Evan Yeung"]
[WhiteElo "1687"]
[BlackElo "1656"]
[Result "0-1"]

1. d4 d5 2. c4 e6 3. Nc3 Nf6 4. Bg5 Be7 5. e3 Nbd7 6. Nf3 c6 7. Rc1 O-O 8. Qc2
dxc4 9. Bxc4 b5 10. Bd3 h6 11. Bf4 a6 12. Ne4 Bb7 13. O-O Rc8 14. a3 c5 15. dxc5
Nxc5 16. Nxf6 Bxf6 17. Be2 Be4 18. Qd1 Qxd1 19. Rfxd1 Bxb2 20. Rxc5 Rxc5 21. Bd6
Rfc8 22. Bxc5 Rxc5 23. a4 bxa4 24. Bxa6 Ra5 25. Bd3 Bxd3 26. Rxd3 a3 0-1

[Event "2016 WA Open Chess Championship"]
[Site "Nth Woodvale PS"]
[Date "2016.07.16"]
[Round "4"]
[White "Nedeljko Tomic"]
[Black "Ignatius Yap"]
[WhiteElo "1831"]
[BlackElo "1628"]
[Result "1-0"]

1. Nf3 d5 2. c4 d4 3. c5 Nc6 4. Qa4 Bd7 5. Nxd4 e5 6. Nxc6 Bxc6 7. Qc2 Qd4 8. a3
Bxc5 9. e3 Qd6 10. Nc3 O-O-O 11. d3 Nf6 12. Bd2 Qe6 13. b4 Bd6 14. b5 Bd7 15. Be2
g5 16. a4 h5 17. e4 Ng4 18. h3 Nf6 19. Bxg5 Rdg8 20. Bxf6 Qxf6 21. Nd5 Qh6 22. Rc1
c6 23. bxc6 Bxc6 24. Ne3 Bb4 25. Kd1 Kb8 26. Qb3 a5 27. Rc2 Rc8 28. Nd5 Bxd5
29. exd5 Rxc2 30. Qxc2 Rc8 31. Qb2 Bc3 32. Qa2 Qf4 33. Bf3 Qb4 34. Ke2 Bb2 35. Rd1
Rc2 36. Kf1 Qc5 37. Kg1 Qxf2 38. Kh1 1-0

[Event "2016 WA Open Chess Championship"]
[Site "Nth Woodvale PS"]
[Date "2016.07.16"]
[Round "4"]
[White "Derek Elkington"]
[Black "Natalie Maris"]
[WhiteElo "1954"]
[BlackElo "1755"]
[Result "1-0"]

1. e4 b6 2. d4 Bb7 3. Bd3 e6 4. Nf3 c5 5. c3 Nf6 6. Nbd2 cxd4 7. cxd4 Nc6 8. a3
d6 9. b4 Rc8 10. Bb2 Be7 11. Qe2 Qd7 12. O-O O-O 13. Rad1 Rfd8 14. Nb3 Rc7 15. e5
Nd5 16. Qe4 f5 17. exf6 Nxf6 18. Qh4 d5 19. b5 Nb8 20. Ne5 Qe8 21. Qh3 Bd6 22. f3
Bc8 23. g4 h6 24. Rde1 Bxe5 25. dxe5 Nh7 26. f4 Nf8 27. Nd4 Qe7 28. f5 exf5
29. gxf5 Qg5 30. Kh1 h5 31. Rg1 Qh6 32. Bc1 Qh8 33. Qh4 Re8 34. f6 Ne6 35. Bg6
Nxd4 36. Qxd4 Rd8 37. f7 Kf8 38. a4 Nd7 39. Qh4 Nf6 40. Ba3 Rc5 41. Bxc5 bxc5
42. exf6 1-0

[Event "2016 WA Open Chess Championship"]
[Site "Nth Woodvale PS"]
[Date "2016.07.17"]
[Round "5"]
[White "David Ellis"]
[Black "Ramudu Rathnayake"]
[WhiteElo "2029"]
[BlackElo "1267"]
[Result "1/2-1/2"]

1. Nf3 Nf6 2. g3 e6 3. Bg2 d5 4. c4 c5 5. O-O Be7 6. b3 O-O 7. Bb2 Nbd7 8. e3
a6 9. Nc3 Rb8 10. cxd5 exd5 11. d4 cxd4 12. Nxd4 Ne5 13. Qc2 Bd7 14. Nxd5 Nxd5
15. Bxd5 Bh3 16. Bg2 Bxg2 17. Kxg2 Rc8 18. Qe4 Bf6 19. Rfd1 Re8 20. Nb5 Nd7
21. Bxf6 Qxf6 22. Qd4 Qc6 23. e4 axb5 24. Qxd7 Qxe4 25. Kg1 Rc2 26. Qd3 h6 27. Qxe4
Rxe4 28. Rd8 Kh7 29. Rd7 f6 30. Rxb7 Ree2 31. Rf1 Rxa2 32. Rxb5 Reb2 33. Kg2
Ra3 34. Re1 Raxb3 35. Rxb3 Rxb3 36. h4 Rb5 37. Re7 Kg6 38. Ra7 Rb4 39. Rc7 h5
40. Ra7 Kh6 41. Rc7 Ra4 42. Rc6 Kg6 43. Rc5 Re4 44. Kf3 Re5 45. Rxe5 fxe5 46. Ke4
Kf6 47. f3 Ke6 48. g4 g6 49. Ke3 Kf6 50. Ke4 Ke6 51. gxh5 gxh5 52. f4 exf4 53. Kxf4
Kf6 54. Ke4 1/2-1/2

[Event "2016 WA Open Chess Championship"]
[Site "Nth Woodvale PS"]
[Date "2016.07.17"]
[Round "5"]
[White "Craig kinsman"]
[Black "Rob Maris"]
[WhiteElo "1978"]
[BlackElo "2027"]
[Result "0-1"]

1. e4 c5 2. Nf3 e6 3. d3 Nc6 4. g3 d6 5. Bg2 Nf6 6. O-O Be7 7. Nbd2 Rb8 8. h4
h6 9. c3 b5 10. a3 Qb6 11. Re1 Bb7 12. Nf1 Nd7 13. Ne3 a5 14. Bh3 a4 15. Ng2
Na5 16. Be3 Nb3 17. Rb1 g5 18. Nd2 Nxd2 19. Bxd2 Ne5 20. Be3 Ng6 21. Bxe6 fxe6
22. Qh5 Kf7 23. f4 Qc6 24. Re2 Kg7 25. f5 exf5 26. exf5 Ne5 27. d4 Qf3 28. Qxf3
Nxf3 29. Kf2 Rhe8 30. g4 cxd4 31. cxd4 Bf6 0-1

[Event "2016 WA Open Chess Championship"]
[Site "Nth Woodvale PS"]
[Date "2016.07.17"]
[Round "5"]
[White "Gordon Dunlop"]
[Black "Tim Hare"]
[WhiteElo "1841"]
[BlackElo "2043"]
[Result "0-1"]

1. e4 g6 2. d4 Bg7 3. Nf3 d6 4. Nc3 a6 5. Bc4 e6 6. O-O Ne7 7. Bg5 h6 8. Bh4
Nd7 9. Qd2 b5 10. Bd3 c5 11. dxc5 Nxc5 12. e5 dxe5 13. Bxb5 axb5 14. Qxd8 Kxd8
15. Rfd1 Nd7 16. Nxb5 g5 17. Bg3 Ng6 18. h4 g4 19. Nd2 Ke7 20. Ne4 Nf4 21. c4
Ne2 22. Kf1 Nxg3 23. fxg3 f5 24. Nec3 e4 25. a4 Nc5 26. Ra2 Bxc3 27. Nxc3 Ba6
28. Nb5 Bxb5 29. cxb5 Rxa4 30. Rxa4 Nxa4 31. b3 Nc3 32. Rc1 Nxb5 0-1

[Event "2016 WA Open Chess Championship"]
[Site "Nth Woodvale PS"]
[Date "2016.07.17"]
[Round "5"]
[White "Yita Choong"]
[Black "Alex Janceski"]
[WhiteElo "2331"]
[BlackElo "1779"]
[Result "1-0"]

1. d4 c6 2. c4 d5 3. Nf3 e6 4. e3 Nf6 5. b3 Be7 6. Bd3 O-O 7. O-O Re8 8. Bb2
Nbd7 9. Nbd2 Nf8 10. Ne5 Bd6 11. f4 g6 12. Qc2 a6 13. Rae1 Bd7 14. e4 Bxe5 15. fxe5
Nh5 16. Rf3 f5 17. exf6 Nxf6 18. Ref1 Ng4 19. h3 Nh6 20. Ba3 Qg5 21. Bc1 Qh5
22. e5 Re7 23. Qd1 Rf7 24. Rxf7 Nxf7 25. Qe1 g5 26. Rf6 Ng6 27. Be2 Qh4 28. Qxh4
Nxh4 29. Bh5 Rf8 30. Ba3 Ng6 31. Bxf8 Kxf8 32. Bxg6 hxg6 33. Rxg6 b6 34. cxd5
cxd5 35. Nf3 1-0

[Event "2016 WA Open Chess Championship"]
[Site "Nth Woodvale PS"]
[Date "2016.07.17"]
[Round "5"]
[White "Evan Yeung"]
[Black "Fred Maris"]
[WhiteElo "1656"]
[BlackElo "1521"]
[Result "0-1"]

1. e4 e5 2. Nf3 Nc6 3. Bc4 Bc5 4. c3 Nf6 5. d4 exd4 6. cxd4 Bb4 7. Bd2 Bxd2
8. Nbxd2 d5 9. exd5 Nxd5 10. O-O O-O 11. Re1 Nb6 12. Qc2 Nxc4 13. Qxc4 Be6 14. Qc3
Qd7 15. Nb3 Bxb3 16. Qxb3 b6 17. Rad1 Rae8 18. Qb5 Rxe1 19. Rxe1 Qd6 20. Qc4
h6 21. Rc1 Nb4 22. Qxc7 Qxc7 23. Rxc7 Nxa2 24. Rxa7 Rc8 25. h3 Nb4 26. Rb7 Rc1
27. Kh2 Rc2 28. Ne5 Rxf2 29. Rxb6 Nc2 30. Nf3 Ne3 31. Kg3 Rxg2 32. Kf4 Nd5 0-1

[Event "2016 WA Open Chess Championship"]
[Site "Nth Woodvale PS"]
[Date "2016.07.17"]
[Round "5"]
[White "Ignatius Yap"]
[Black "Derek Elkington"]
[WhiteElo "1751"]
[BlackElo "1954"]
[Result "1/2-1/2"]

1. e4 c5 2. c3 d5 3. exd5 Nf6 4. Nf3 Qxd5 5. d4 e6 6. Be2 Nc6 7. O-O Be7 8. h3
O-O 9. Be3 b6 10. Nbd2 Bb7 11. Bc4 Qd7 12. dxc5 Bxc5 13. Bxc5 bxc5 14. Ne4 Qe7
15. Nxf6 Qxf6 16. Qd6 Na5 17. Be2 Rac8 18. Qd7 Qd8 19. Rad1 Qc7 20. Qxc7 Rxc7
21. Rd2 f6 22. Rfd1 Bc6 23. b4 Nb7 24. b5 Be8 25. Bc4 Bf7 26. Rd7 Rfc8 27. Nh4
g6 28. f4 Na5 29. Rd8 Rxd8 30. Rxd8 Kg7 31. Bb3 Nxb3 32. axb3 h6 33. c4 g5 34. fxg5
hxg5 35. Nf3 Bg6 36. Kf2 Bc2 37. Nd2 f5 38. g3 Kf6 39. Rd6 Ke7 40. Rc6 Rxc6
41. bxc6 Kd6 42. h4 gxh4 43. gxh4 Kxc6 44. h5 Kd6 45. h6 f4 46. Nf3 Ke7 47. Ng5
Kf6 48. h7 Kg7 49. Nxe6 Kxh7 50. Nxf4 Bxb3 51. Ne6 1/2-1/2

[Event "2016 WA Open Chess Championship"]
[Site "Nth Woodvale PS"]
[Date "2016.07.17"]
[Round "5"]
[White "Natalie Maris"]
[Black "Steven Hintz"]
[WhiteElo "1755"]
[BlackElo "1687"]
[Result "1-0"]

1. e4 c6 2. d4 d5 3. Nc3 dxe4 4. Nxe4 Bf5 5. Ng3 Bg6 6. Nf3 Nf6 7. Bd3 e6 8. O-O
Be7 9. c4 Nbd7 10. Bxg6 hxg6 11. Bf4 c5 12. d5 exd5 13. cxd5 Qb6 14. d6 Bd8
15. Qe2 Kf8 16. Rfe1 Qc6 17. Rad1 Ba5 18. Qe7 Kg8 19. Ng5 Rf8 20. Re2 Nb6 21. Bd2
Bxd2 22. Rexd2 Qd7 23. f3 Re8 24. Qxd7 Nfxd7 25. Re2 Rxe2 26. Nxe2 f6 27. Ne6
Kf7 28. Nc7 Nc8 29. Nc3 f5 30. h3 Rd8 31. Na4 b6 32. Nb5 a5 33. g4 Kf6 34. f4
g5 35. fxg5 Kxg5 36. Rd5 g6 37. Nc7 Kf6 38. g5 Kf7 39. Kg2 Nf8 40. Nb5 Ne6 41. Kg3
Nxg5 42. d7 Ne7 43. Rd1 Ne4 44. Kg2 Nc6 45. Nxb6 Ke7 46. Nc7 Nd4 47. Re1 Kd6
48. Ncd5 Ke5 49. Ne7 Kf6 50. Nec8 g5 51. Na7 Rg8 52. Re3 Ke7 53. Ra3 Rb8 54. Nac8
Kd8 55. Rxa5 f4 56. Ra4 Nf6 57. Ra8 Rxa8 58. Nxa8 Kxd7 59. Ncb6 Kc6 60. Nc4
Kd5 61. Nab6 Ke4 62. a4 Nd5 63. a5 Ne3 64. Kf2 Nc6 65. a6 Nxc4 66. Nxc4 Kd3
67. Nd6 Na7 68. Nf7 Kc2 69. Nxg5 Kxb2 70. Ne4 c4 71. h4 c3 72. Nxc3 Kxc3 73. Kf3
Kd4 74. Kxf4 1-0

[Event "2016 WA Open Chess Championship"]
[Site "Nth Woodvale PS"]
[Date "2016.07.17"]
[Round "5"]
[White "Patrick Gong"]
[Black "Nedeljko Tomic"]
[WhiteElo "2183"]
[BlackElo "1831"]
[Result "1-0"]

1. e4 d6 2. d4 g6 3. Nf3 Bg7 4. Bc4 Nc6 5. c3 Nf6 6. Qe2 O-O 7. O-O Bg4 8. h3
Bxf3 9. Qxf3 e5 10. Rd1 Nd7 11. Be3 Qh4 12. Na3 a6 13. g3 Qf6 14. Qxf6 Nxf6
15. d5 Ne7 16. f3 Nh5 17. Kg2 f5 18. Bg1 fxe4 19. fxe4 Bh6 20. Bd3 Kg7 21. b4
Nf6 22. Nc4 Rfd8 23. a4 b6 24. Ne3 a5 25. Nc4 axb4 26. cxb4 Nd7 27. Ne3 Bxe3
28. Bxe3 c5 29. Bg5 Nf6 30. bxc5 bxc5 31. Rdb1 Ra7 32. a5 h6 33. Bxf6 Kxf6 34. a6
Rdd7 35. Rb8 Rdc7 36. Rf1 Kg7 37. Bc4 Ng8 38. Rfb1 Nf6 39. Kf3 Nd7 40. Re8 Kf7
41. Re6 Nf8 42. Rxd6 Ke7 43. Rdb6 Rd7 44. R1b5 Rd6 45. Rb7 Rd7 46. Rxa7 Rxa7
47. Rxc5 Nd7 48. Rc6 Nf8 1-0

[Event "2016 WA Open Chess Championship"]
[Site "Nth Woodvale PS"]
[Date "2016.07.17"]
[Round "5"]
[White "Igor Butsenko"]
[Black "Tristan Boyd"]
[WhiteElo "2238"]
[BlackElo "2400"]
[Result "1/2-1/2"]

1. d4 Nf6 2. c4 e6 3. Nc3 Bb4 4. Qc2 d5 5. cxd5 exd5 6. Nf3 O-O 7. a3 Bxc3 8. bxc3
c5 9. dxc5 Nbd7 10. c6 bxc6 11. e3 Qa5 12. Bd2 Ne4 13. c4 Nxd2 14. Qxd2 Qxd2
15. Nxd2 Rb8 16. Rb1 Rxb1 17. Nxb1 dxc4 18. Bxc4 Ne5 19. Be2 Bf5 20. O-O Rb8
21. Nd2 Rb2 22. Rd1 Bc2 23. Rc1 Ba4 24. Rb1 Rxb1 25. Nxb1 Bb5 26. Kf1 Kf8 27. Nc3
Bxe2 28. Kxe2 Ke7 29. e4 f6 30. f4 Nc4 31. a4 Kd6 32. Kd3 Kc5 33. g4 Nb2 34. Kc2
Nc4 35. Kd3 Nb2 1/2-1/2

[Event "2016 WA Open Chess Championship"]
[Site "Nth Woodvale PS"]
[Date "2016.07.23"]
[Round "6"]
[White "Alex Janceski"]
[Black "Ignatius Yap"]
[WhiteElo "1779"]
[BlackElo "1751"]
[Result "1-0"]

1. e4 c6 2. d4 d5 3. exd5 cxd5 4. c3 Bf5 5. Nf3 e6 6. Bf4 a6 7. Bd3 Bxd3 8. Qxd3
Bd6 9. Qe3 Ne7 10. O-O Nbc6 11. Bxd6 Qxd6 12. Re1 O-O 13. Nbd2 Ng6 14. Nf1 Qf4
15. Rad1 Qxe3 16. Nxe3 Rac8 17. g3 Na5 18. h4 h5 19. Kg2 Nc4 20. Nxc4 Rxc4 21. Nd2
Rc7 22. Rc1 Rfc8 23. Nb3 b6 24. Nd2 Ne7 25. Nf3 Ng6 26. a3 Rc6 27. Re3 R6c7
28. Rce1 Rc6 29. Ng5 Ne7 30. Nh3 R6c7 31. Nf4 g6 32. Nd3 Nc6 33. Nb4 Nxb4 34. axb4
b5 35. Ra1 Ra8 36. Ree1 Kg7 37. Kf3 Re7 38. Kf4 f6 39. Ra5 Kh7 40. Rea1 Rea7
41. Ke3 Kg7 42. f4 Kf7 43. Kd3 Ke7 44. Re1 Kd6 45. Rg1 f5 46. Re1 Re8 47. Rea1
Rea8 48. b3 Kc6 49. c4 Kb6 50. Re1 dxc4 51. bxc4 bxc4 52. Kxc4 Rc7 53. Kd3 Re8
54. Rae5 Rec8 55. Rxe6 Kb5 56. R1e5 Kxb4 57. Rb6 Ka4 58. Rxa6 Kb4 59. Rb6 Ka4
60. Rc5 Rxc5 61. dxc5 Rg8 62. Kc4 Ka5 63. Kd5 Rd8 64. Rd6 Rg8 65. Rd7 Re8 66. Rg7
Rd8 67. Kc6 Ra8 68. Kd6 Kb5 69. Rb7 Kc4 70. c6 Ra6 71. Kd7 Kc5 72. c7 Rd6 73. Kc8 1-0

[Event "2016 WA Open Chess Championship"]
[Site "Nth Woodvale PS"]
[Date "2016.07.23"]
[Round "6"]
[White "Derek Elkington"]
[Black "David Ellis"]
[WhiteElo "1954"]
[BlackElo "2029"]
[Result "1/2-1/2"]

1. e4 e6 2. Nf3 d5 3. Nc3 Bb4 4. e5 Ne7 5. a3 Bxc3 6. bxc3 c5 7. d4 Nbc6 8. Qd3
Qa5 9. Bd2 c4 10. Qe2 Bd7 11. g3 O-O-O 12. Bh3 h6 13. O-O g5 14. Rfb1 Rdg8 15. Bg2
Nf5 16. g4 Nh4 17. Nxh4 gxh4 18. h3 Rg6 19. Qe1 Qd8 20. f4 f5 21. exf6 Qxf6
22. Kh2 Rhg8 23. Qe2 Ne7 24. Rg1 R6g7 25. Qe5 Qg6 26. Rac1 Nc6 27. Qd6 Be8 28. Rge1
Nd8 29. Qc5 Nc6 30. a4 Rc7 31. Qd6 Bf7 32. Re2 Rd8 33. Qa3 Ne7 34. f5 Qf6 35. fxe6
Bxe6 36. Rce1 Rc6 37. Qc1 Ng8 38. g5 Qg6 39. Re5 Ne7 40. Bf4 Rf8 41. gxh6 Nf5
42. Qd2 Ng3 43. Bxd5 Bxd5 44. Rxd5 Rcf6 45. Rc5 Rc6 46. Rxc6 Qxc6 47. Be5 Ne4
48. d5 Nxd2 49. dxc6 Nf3 50. Kh1 Nxe1 51. cxb7 Kxb7 52. h7 Nxc2 53. h8=Q Rxh8
54. Bxh8 Ne3 55. Kg1 Kc6 56. Kf2 Nf5 57. Kf3 Kd5 58. Kf4 Ke6 59. Kg5 Ne7 60. Bd4
a6 61. Kg4 Nf5 62. Bf2 Nd6 63. Kxh4 Kf5 64. Bd4 Kf4 65. Kh5 Nf5 66. Bf6 Ng3
67. Kg6 Kf3 68. h4 Kg4 69. Be7 Nh5 70. Bg5 Ng3 71. Bd8 Nh5 72. Kf7 Nf4 73. Kf6
Nd5 74. Kg6 Nf4 75. Kh6 Nd5 76. h5 Nf4 77. Kg7 Nxh5 78. Kf7 Ng3 79. Ke6 Ne4
80. Ba5 Nc5 81. Kd5 1/2-1/2

[Event "2016 WA Open Chess Championship"]
[Site "Nth Woodvale PS"]
[Date "2016.07.23"]
[Round "6"]
[White "Rob Maris"]
[Black "Gordon Dunlop"]
[WhiteElo "2027"]
[BlackElo "1841"]
[Result "1-0"]

1. d4 Nf6 2. Nf3 d5 3. e3 Bf5 4. c4 c6 5. Nc3 e6 6. Qb3 Qb6 7. Qxb6 axb6 8. Bd2
Na6 9. Be2 Nb4 10. O-O dxc4 11. Bxc4 Bd3 12. Bxd3 Nxd3 13. Rfb1 Nb4 14. Ne1
Kd7 15. a3 Nbd5 16. f3 b5 17. Nd3 g6 18. e4 Nb6 19. b3 Bxa3 20. Bg5 Be7 21. Ne5
Ke8 22. Rxa8 Nxa8 23. Ra1 Nb6 24. Ra7 Nfd7 25. Nxd7 Nc8 26. Nf6 Kf8 1-0

[Event "2016 WA Open Chess Championship"]
[Site "Nth Woodvale PS"]
[Date "2016.07.23"]
[Round "6"]
[White "Evan Yeung"]
[Black "Craig Kinsman"]
[WhiteElo "1656"]
[BlackElo "1978"]
[Result "0-1"]

1. e4 c5 2. Nc3 Nc6 3. g3 g6 4. Bg2 Bg7 5. d3 d6 6. Be3 Nd4 7. Nge2 e6 8. Qd2
Ne7 9. O-O Nxe2 10. Qxe2 O-O 11. f4 Rb8 12. Rae1 b5 13. g4 f5 14. exf5 gxf5
15. g5 b4 16. Nd1 Qa5 17. Rf3 Qxa2 18. Rh3 Rf7 19. Bc1 Ng6 20. Bf3 Nf8 21. Kh1
Qa6 22. Rg3 Bb7 23. h4 Bxf3 24. Rxf3 Qc6 25. Kh2 a5 26. b3 a4 27. bxa4 Qxa4
28. Nb2 Qc6 29. h5 Ra7 30. Nc4 Ra2 31. Bd2 Rxc2 32. Qd1 b3 33. Na3 Rxd2 0-1

[Event "2016 WA Open Chess Championship"]
[Site "Nth Woodvale PS"]
[Date "2016.07.23"]
[Round "6"]
[White "Tristan Boyd"]
[Black "Tim Hare"]
[WhiteElo "2400"]
[BlackElo "2043"]
[Result "1-0"]

1. d4 g6 2. e4 Bg7 3. c4 d6 4. Nc3 Nd7 5. Be3 c5 6. Nf3 cxd4 7. Nxd4 Ngf6 8. Be2
a6 9. O-O O-O 10. Qd2 Nc5 11. f3 e5 12. Nc2 Ne6 13. Rfd1 Ne8 14. c5 Nd4 15. Nxd4
exd4 16. Bxd4 dxc5 17. Bxc5 Qh4 18. Nd5 Be6 19. Be7 Qh5 20. f4 Bg4 21. Bxg4
Qxg4 22. Rac1 f6 23. Bxf8 Bxf8 24. Nb6 Rb8 25. Nd7 Ra8 26. Qd5 1-0

[Event "2016 WA Open Chess Championship"]
[Site "Nth Woodvale PS"]
[Date "2016.07.23"]
[Round "6"]
[White "Fred Maris"]
[Black "Natalie Maris"]
[WhiteElo "1521"]
[BlackElo "1755"]
[Result "1-0"]

1. e4 b6 2. d4 e6 3. Nf3 Bb7 4. Bd3 Nf6 5. Qe2 d6 6. O-O Be7 7. a3 c5 8. c3
Qc7 9. Re1 e5 10. d5 Nbd7 11. Nbd2 Rc8 12. c4 Nf8 13. Bc2 Ng6 14. Ba4 Nd7 15. Qf1
O-O 16. Bc2 Nf6 17. g3 Qd7 18. Qg2 Rb8 19. Nf1 Bc8 20. Ne3 b5 21. b3 Nh5 22. Nf5
Qd8 23. Qh3 Nf6 24. Bg5 Re8 25. N3h4 bxc4 26. bxc4 Nxh4 27. Nxe7 Qxe7 28. Qxh4
Bd7 29. Bxf6 Qxf6 30. Qxf6 gxf6 31. Rab1 Kg7 32. f4 exf4 33. gxf4 Kh6 34. Rxb8
Rxb8 35. Rb1 Rg8 36. Kf2 Bh3 37. Rg1 Rxg1 38. Kxg1 Kh5 39. Kf2 h6 40. Kg3 Bf1
41. Bd1 Kg6 42. Bb3 Bd3 43. f5 Kg5 44. h4 1-0

[Event "2016 WA Open Chess Championship"]
[Site "Nth Woodvale PS"]
[Date "2016.07.23"]
[Round "6"]
[White "Nedeljko Tomic"]
[Black "Igor Butsenko"]
[WhiteElo "1831"]
[BlackElo "2238"]
[Result "0-1"]

1. Nf3 Nf6 2. c4 e6 3. e3 c5 4. Nc3 d4 5. Ne2 Nc6 6. e4 d3 7. Nf4 Nb4 8. Qa4 Bd7
9. Qb3 Nc2 10. Kd1 Nxa1 11. Qxd3 Ba4 12. b3 Nxb3 13. axb3 Qxd3 0-1

[Event "2016 WA Open Chess Championship"]
[Site "Nth Woodvale PS"]
[Date "2016.07.24"]
[Round "7"]
[White "Craig Kinsman"]
[Black "Ignatius Yap"]
[WhiteElo "1978"]
[BlackElo "1751"]
[Result "0-1"]

1. e4 c6 2. d4 d5 3. Nc3 dxe4 4. Nxe4 Bf5 5. Ng3 Bg6 6. h4 h6 7. Nf3 Nd7 8. h5
Bh7 9. Bd3 Bxd3 10. Qxd3 e6 11. Bd2 Ngf6 12. O-O-O Bd6 13. Ne4 Nxe4 14. Qxe4
Nf6 15. Qe2 Qc7 16. Kb1 O-O-O 17. c4 Bf4 18. g3 Bxd2 19. Rxd2 c5 20. Rh4 cxd4
21. Rdxd4 Rxd4 22. Nxd4 Rd8 23. Nb5 Qc5 24. Nc3 Qf5 25. Kc1 Qd3 26. Qxd3 Rxd3
27. Rf4 Rd7 28. g4 e5 29. Rf5 Nxg4 30. f3 Ne3 31. Rxe5 Nxc4 32. Re8 Rd8 33. Re7
Nd6 34. Re2 Re8 35. Rg2 Nf5 36. Ne4 Rd8 37. b3 Rd3 38. Rc2 Kd8 39. Nc5 Rxf3
40. Nxb7 Kd7 41. Nc5 Ke7 42. Na6 Rd3 43. Nb8 Rh3 44. Rc7 Ke6 45. Rxa7 Rxh5 46. Nc6
g5 47. Nd8 Kd5 48. Rxf7 g4 49. Rd7 Ke4 50. Ne6 g3 51. Nc5 Kf4 52. Nd3 Ke3 53. Ne1
Rh1 54. Rd1 Ke2 55. Rd2 Kxe1 56. Rd1 Kf2 57. Rxh1 g2 58. Rh2 Kf1 59. Rxg2 Kxg2
60. b4 Nd6 0-1

[Event "2016 WA Open Chess Championship"]
[Site "Nth Woodvale PS"]
[Date "2016.07.24"]
[Round "7"]
[White "Steven Hintz"]
[Black "Gordon Dunlop"]
[WhiteElo "1687"]
[BlackElo "1841"]
[Result "0-1"]

1. c4 c5 2. Nc3 Nf6 3. g3 e6 4. Bg2 Nc6 5. e3 d5 6. cxd5 exd5 7. d4 cxd4 8. exd4
Bb4 9. Ne2 O-O 10. O-O Re8 11. h3 h6 12. a3 Ba5 13. b4 Bb6 14. Be3 Bf5 15. Na4
Bc7 16. Nc5 Qc8 17. Kh2 h5 18. Rc1 h4 19. Bf4 Bxf4 20. Nxf4 a6 21. Ne2 Qb8 22. Re1
b6 23. Nb3 Qd6 24. Nc3 Rxe1 25. Qxe1 Re8 26. Qd2 hxg3 27. fxg3 Ne4 28. Nxe4
Bxe4 29. Bxe4 Rxe4 30. Re1 Qe6 31. Rxe4 Qxe4 32. Qc3 Ne7 33. a4 Nf5 34. h4 Qe2
35. Kg1 Ne3 36. Qd2 Qf1 37. Kh2 0-1